Name a Pokémon of Every Type Combo - Gen II - Statistics

General Stats
  • This quiz has been taken 33 times
    21 since last reset
  • The average score is 48 of 53
Answer Stats
Type Combo # of Pokémon Answer % Correct
Single-type Pokémon Grass 6 Chikorita | Bayleef | Meganium | Bellossom | Sunkern | Sunflora
100%
Dual-type Pokémon Water/Electric 2 Chinchou | Lanturn
100%
Single-type Pokémon Fire 6 Cyndaquil | Quilava | Typhlosion | Slugma | Magby | Entei
100%
Dual-type Pokémon Bug/Steel 2 Forretress | Scizor
100%
Dual-type Pokémon Normal/Flying 2 Hoothoot | Noctowl
100%
Dual-type Pokémon Dark/Fire 2 Houndour | Houndoom
100%
Dual-type Pokémon Water/Dragon 1 Kingdra
100%
Single-type Pokémon Ghost 2 Misdreavus | Corsola (Galarian Form)
100%
Dual-type Pokémon Dark/Flying 1 Murkrow
100%
Single-type Pokémon Normal 11 Sentret | Furret | Aipom | Dunsparce | Teddiursa | Ursaring | Porygon2 | Stantler | Smeargle | Miltank | Blissey
100%
Dual-type Pokémon Ice/Psychic 1 Smoochum
100%
Dual-type Pokémon Ice/Ground 2 Swinub | Piloswine
100%
Dual-type Pokémon Fairy/Flying 1 Togetic
100%
Single-type Pokémon Fighting 2 Tyrogue | Hitmontop
100%
Dual-type Pokémon Water/Ground 2 Wooper | Quagsire
100%
Single-type Pokémon Fairy 4 Cleffa | Togepi | Snubbull | Granbull
94%
Dual-type Pokémon Poison/Flying 1 Crobat
94%
Dual-type Pokémon Normal/Psychic 1 Girafarig
94%
Dual-type Pokémon Ground/Flying 1 Gligar
94%
Dual-type Pokémon Fire/Flying 1 Ho-Oh
94%
Dual-type Pokémon Grass/Flying 3 Hoppip | Skiploom | Jumpluff
94%
Dual-type Pokémon Water/Flying 1 Mantine
94%
Dual-type Pokémon Water/Fairy 2 Marill | Azumarill
94%
Single-type Pokémon Electric 6 Pichu | Mareep | Flaaffy | Ampharos | Elekid | Raikou
94%
Dual-type Pokémon Water/Poison 1 Qwilfish
94%
Dual-type Pokémon Steel/Flying 1 Skarmory
94%
Dual-type Pokémon Dark/Ice 1 Sneasel
94%
Dual-type Pokémon Bug/Poison 2 Spinarak | Ariados
94%
Dual-type Pokémon Steel/Ground 1 Steelix
94%
Single-type Pokémon Water 7 Totodile | Croconaw | Feraligatr | Politoed | Remoraid | Octillery | Suicune
94%
Dual-type Pokémon Water/Rock 1 Corsola
88%
Dual-type Pokémon Ice/Flying 1 Delibird
88%
Single-type Pokémon Psychic 3 Espeon | Unown | Wobbuffet
88%
Dual-type Pokémon Bug/Fighting 1 Heracross
88%
Dual-type Pokémon Bug/Flying 3 Ledyba | Ledian | Yanma
88%
Single-type Pokémon Bug 1 Pineco
88%
Dual-type Pokémon Bug/Rock 1 Shuckle
88%
Dual-type Pokémon Water/Psychic 1 Slowking
88%
Single-type Pokémon Rock 1 Sudowoodo
88%
Single-type Pokémon Dark 1 Umbreon
88%
Dual-type Pokémon Normal/Fairy 1 Igglybuff
81%
Dual-type Pokémon Rock/Ground 2 Larvitar | Pupitar
81%
Dual-type Pokémon Fire/Rock 1 Magcargo
81%
Dual-type Pokémon Electric/Dragon 1 Mega Ampharos
81%
Dual-type Pokémon Psychic/Flying 3 Natu | Xatu | Lugia
81%
Single-type Pokémon Ground 2 Phanpy | Donphan
81%
Dual-type Pokémon Fire/Ghost 1 Typhlosion (Hisuian Form)
81%
Dual-type Pokémon Rock/Dark 1 Tyranitar
81%
Dual-type Pokémon Psychic/Grass 1 Celebi
75%
Dual-type Pokémon Poison/Psychic 1 Slowking (Galarian Form)
75%
Dual-type Pokémon Dark/Poison 1 Qwilfish (Hisuian Form)
69%
Dual-type Pokémon Fighting/Poison 1 Sneasel (Hisuian Form)
63%
Dual-type Pokémon Poison/Ground 1 Wooper (Paldean Form)
63%
No matching quizzes found
Score Distribution
Percent of People with Each Score
Percentile by Number Answered
Your Score History
You have not taken this quiz since the last reset